Govt. of
Madhya Pradesh

FraAngelico (Record no. 37862)

MARC details
000 -LEADER
fixed length control field 002650000a22001330004500
003 - CONTROL NUMBER IDENTIFIER
control field MACL
040 ## - CATALOGING SOURCE
Original cataloging agency MACL
090 ## - LOCALLY ASSIGNED LC-TYPE CALL NUMBER (OCLC); LOCAL CALL NUMBER (RLIN)
-- 38271
-- 38269
100 ## - MAIN ENTRY--PERSONAL NAME
Personal name Mason, James
245 ## - TITLE STATEMENT
Title FraAngelico
260 ## - PUBLICATION, DISTRIBUTION, ETC. (IMPRINT)
Name of publisher, distributor, etc. T C & E C Jack
650 ## - SUBJECT ADDED ENTRY--TOPICAL TERM
Topical term or geographic name as entry element Painting
942 ## - ADDED ENTRY ELEMENTS (KOHA)
Koha item type Library Membar
Call number prefix 759/MAS

No items available.